[Event "Biel"]
[Site "Biel"]
[Date "1995.??.??"]
[Round "11"]
[White "Kindermann, Stefan"]
[Black "Timman, Jan H"]
[Result "1-0"]
[WhiteElo "2565"]
[BlackElo "2590"]
[Annotator "Wedberg,T"]
[PlyCount "47"]
[EventDate "1995.07.??"]
[EventType "tourn"]
[EventRounds "13"]
[EventCountry "SUI"]
[EventCategory "15"]
[SourceTitle "CBM 049"]
[Source "ChessBase"]
[SourceDate "1995.12.01"]
[SourceVersion "1"]
[SourceVersionDate "1995.12.01"]
[SourceQuality "1"]

1. e4 {Giese Konikowski} e5 2. Nf3 Nc6 3. Bb5 a6 4. Ba4 Nf6 5. O-O b5 6. Bb3
Bc5 7. a4 Bb7 8. d3 d6 9. Nc3 (9. axb5 {Konikowski} axb5 10. Rxa8 Bxa8 (10...
Qxa8 $5) 11. Nc3 Na5 (11... Qb8 12. Bg5 O-O 13. Bxf6 gxf6 14. Nd5 $14) 12. Nxb5
Nxb3 13. cxb3 Qd7 14. Nc3 O-O 15. Bg5 Ne8 16. Qa1 Bc6 $13 {
Lechtynsky-Beliavsky,A/Vilnius/1978/}) 9... b4 10. Nd5 (10. Ne2 O-O (10... d5
11. Ng3 dxe4 12. Ng5 O-O 13. Nh5 Nd4 14. Nxf6+ Qxf6 15. Qh5 Qg6 16. Qxg6 hxg6
17. Nxe4 Nxb3 18. cxb3 Bd4 $15 {Luzikov,V-Webb,L/Vladivostok op/1995}) (10...
Qd7 11. Ng3 g6 12. c3 h6 13. d4 Bb6 14. d5 $14 {Sorokin,M-Slipak,S/Buenos
Aires Clarin op/1995}) 11. Ng3 Rb8 12. Be3 Bxe3 13. fxe3 Na5 14. Ba2 c5 15. Nd2
Bc8 16. Nh5 Ng4 17. Qf3 Qg5 $132 {Lerner,K-Morozevich,A/Podolsk/1993}) 10... h6
(10... Na5 11. Nxf6+ Qxf6 12. Ba2 h6 13. c3 bxc3 14. bxc3 O-O 15. Be3 Rad8 16.
Rb1 $10 {Kasparov,G-Anand,V/New York Wch/1995}) (10... Nxd5 $5 {Konikowski} 11.
Bxd5 O-O 12. Be3 Qe7 $5 (12... Bxe3 13. fxe3 Qe7 14. Qe1 a5 15. Qg3 Nd8 16. Nh4
c6 17. Nf5 Qf6 18. Bb3 Bc8 19. Rf3 Bxf5 20. Rxf5 Qe7 21. Raf1 $16 {
Faibisovich-Kaminsky/Leningrad/1978/}) 13. Bxc5 dxc5 14. a5 (14. c3 Rab8 $13)
14... Nd8 15. Bc4 Nc6 $13) 11. a5 (11. Bd2 {Konikowski} a5 $13) 11... O-O 12.
c3 Rb8 13. Be3 {N} (13. Bd2 bxc3 14. bxc3 Ba7 15. Be3 Bc8 16. Nxf6+ Qxf6 17.
Bd5 Bxe3 18. fxe3 Na7 19. Rb1 Rxb1 20. Qxb1 c6 21. Ba2 Nb5 $10 {Timman,
J-Bareev,E/Wijk/1995}) 13... Nxd5 14. Bxd5 Bxe3 (14... Qe7 $5 {Konikowski}) 15.
fxe3 Ne7 (15... bxc3 $5 {Konikowski} 16. bxc3 Nxa5 17. Bxb7 (17. Rxa5 c6 18.
Bxf7+ Rxf7 19. Ra1 Qc7 $13) 17... Nxb7 18. Rxa6 Nc5 $13) 16. Bc4 c5 $6 (16...
bxc3 17. bxc3 Ng6 (17... c5 {Konikowski} 18. Qc2 Qc7 (18... Nc6 $5) 19. Rfb1 d5
20. exd5 Nxd5 21. Qd2 (21. Bxd5 Bxd5 22. e4 Be6 23. Rb6 Rxb6 24. axb6 Qxb6 25.
Nxe5 f5 $132) 21... Rfd8 22. e4 Nf4 23. Qe3 $14) (17... c6 18. d4 $1) 18. Rb1
$14) 17. cxb4 cxb4 18. Qb3 $1 Nc6 $2 (18... Qd7 $142) 19. Bxf7+ $1 $18 {
a sacrifice, which leads to a strong attack opfert eine Figur für sehr starken
Angriff} Rxf7 20. Ng5 {[%csl Rf7][%cal Gf1f7,Gb3f7]} Qxg5 21. Qxf7+ {[%csl Yb7]
Blacks major problem is the bishop.} Kh8 {[%csl Yb7]} (21... Kh7 $5 {Konikowski
}) (21... Kh7 $142 {Giese} 22. Rf3 Qe7 23. Qf5+ Kg8 24. Raf1 Re8 $1 (24... Bc8
25. Qf8+ Qxf8 26. Rxf8+ Kh7 27. R1f7 Bd7 28. Rxb8 Nxb8 29. Rf8 Nc6 30. Ra8 Nxa5
31. Rxa6 Nc6 32. d4 $1 (32. Kf2 Be8 $13) 32... exd4 33. exd4 Nxd4 {Fritz3} 34.
Rxd6 Ne2+ 35. Kf2 $16) 25. Qg6 Nd8 $10 {[%csl Rf7]} 26. Rf6 {[%csl Rd6]} (26.
Rh3 $5 {[%csl Rh6][%cal Yh3h6]} Rf8 27. Rxh6 Rxf1+ 28. Kxf1 Qf7+ 29. Ke2 Qxg6
30. Rxg6 Nf7 $14) (26. Rg3 {[%csl Rh6][%cal Yg6h6]} Kh8 27. Rf6 Rf8 28. Rxd6
Qc7 $13) 26... Bc6 27. Rxd6 Bb5 {= Fritz3; +/= Kindermann}) 22. Rf3 {[%csl Yb7]
} Qd8 {[%csl Yb7]} (22... Qe7 $142 {Giese Fritz3} 23. Qg6 {[%csl Rg7][%cal
Yf3f7]} Rg8 24. Rf7 Qe8 25. Raf1 Nd8 26. R7f6 Qxg6 27. Rxg6 Nc6 28. Rxd6 $14 {
[%csl Ra5]}) 23. Raf1 {[%csl Yb7]} Bc8 (23... Nxa5 24. Rg3 Qg8 25. Qc7 Nb3 26.
Rf7 g5 27. Rh3 $18) (23... Qg8 {Giese} 24. Qc7 $40 {[%csl Rd6][%cal Yf3f7]})
24. Qg6 {[%csl Yc8]} (24. Qg6 Bb7 25. Rf7 Qg8 26. R1f6 $1 {[%csl Rh6][%cal
Yg6h6]} Ba8 27. Qxh6+ gxh6 28. Rxh6+ Qh7 29. Rfxh7+ Kg8 30. Rh8+ Kg7 31. R6h7+
Kg6 32. Rxb8 Nxb8 33. Rh8 $18) 1-0

[Event "Karditsa"]
[Site "Karditsa"]
[Date "1994.??.??"]
[Round "3"]
[White "Kotronias, Vasilios"]
[Black "Mozetic, Dejan"]
[Result "1/2-1/2"]
[WhiteElo "2545"]
[BlackElo "2585"]
[Annotator "Wedberg,T"]
[PlyCount "69"]
[EventDate "1994.03.??"]
[EventType "tourn"]
[EventRounds "11"]
[EventCountry "GRE"]
[EventCategory "10"]
[SourceTitle "CBM 043"]
[Source "ChessBase"]
[SourceDate "1994.12.01"]
[SourceVersion "1"]
[SourceVersionDate "1994.12.01"]
[SourceQuality "1"]

1. e4 e5 2. Nf3 Nc6 3. Bb5 a6 4. Ba4 Nf6 5. O-O b5 6. Bb3 Bb7 7. c3 Nxe4 8. d4
Na5 9. Bc2 (9. Nxe5 Nxb3 10. Qxb3 Nd6 11. Re1 Be7 12. Nd2 O-O 13. a4 Bf6 14.
Nf1 Bc6 $10 {Timoshenko-Onischuk/Alushta2/1994/1/2-1/2/31}) 9... exd4 10. Nxd4
c5 11. Nf5 Qf6 (11... d5 $2 12. f3 Nf6 13. Re1+) 12. Qg4 {N} (12. Nd2 d5 13.
Nxe4 dxe4 14. Ng3 Be7 15. Nxe4 Qc6 16. Qh5 g6 17. Qe5 f6 18. Qg3 O-O 19. f3
Rfe8 {Leko,P-Mozetic,D/Tilburg/1993/1/2-1/2/37} 20. Bf4 Nc4 21. Bb3 Kg7 22.
Bxc4 bxc4 23. Rae1 Rad8 24. Re2 $16 {Leko}) (12. Qf3 Ng5 13. Qe2+ Ne6 14. Bf4
Nc4 15. Na3 O-O-O 16. Bg3 Nxa3 17. bxa3 g6 18. Qe5 Qxe5 19. Bxe5 gxf5 20. Bxh8
Be7 21. Be5 d6 22. Bg3 f4 $19 {Renet-Shirov/Correze/1991/0-1/32}) 12... h5 (
12... d5 13. Nd2 (13. f3 h5 14. Qh3 Nd6 15. Re1+ Kd8 $15) 13... h5 14. Qf3) 13.
Qf3 d5 (13... Ng5 $5) 14. Nd2 g6 (14... Nxd2 $6 15. Bxd2 O-O-O 16. Qh3 $1 Rd7 (
16... Kb8 17. Bf4+ Ka8 18. Bc7 $16) (16... Qe6 17. Nd6+ $3 Kb8 (17... Bxd6 $2
18. Bf5 $18) 18. Qxe6 fxe6 19. Nf7 $16) 17. Rfe1 Qd8 18. Bf4 $40) 15. Nxe4 dxe4
16. Bxe4 O-O-O 17. Bxb7+ Nxb7 18. Nd4 Qxf3 19. Nxf3 Bg7 20. a4 b4 21. cxb4 cxb4
22. Bd2 (22. Bf4 $6 Bxb2 23. Rab1 (23. Rac1+ $2 Bxc1 24. Rxc1+ Kd7 25. Rc7+ Ke8
26. Rxb7 Rd1+ $19) 23... Bc3 24. Be5 Rhe8 25. Bxc3 bxc3 26. Rfc1 Rd3 27. Ne1
Rd7 28. Rxc3+ Rc7 $10) 22... a5 (22... Bxb2 23. Rab1 Bc3 24. Rfc1 {/\Rxb4} Kb8
25. Bxc3 bxc3 26. Rxc3 $16 {פb7,עb8,><f7}) 23. Rac1+ Kb8 24. Bf4+ Ka7 25. Ne5
(25. Be5 $1 $14) 25... Bxe5 26. Bxe5 Rhe8 27. Rfe1 Re6 28. f4 Ka6 29. Kf1 Rd5
$1 $10 (29... f6 $2 30. Bc7 Rxe1+ 31. Rxe1 Rf8 32. Re6+ Ka7 33. Bb6+ Kb8 34.
Bd4 $18) 30. Rc8 Nc5 {><a4} 31. Ra8+ Kb6 32. Rb8+ Ka6 33. Ra8+ Kb6 34. Rb8+ Ka6
35. Ra8+ 1/2-1/2

[Event "Oxford GM-A"]
[Site "Oxford"]
[Date "1998.12.21"]
[Round "7"]
[White "Turner, Matthew"]
[Black "Hector, Jonny"]
[Result "0-1"]
[WhiteElo "2475"]
[BlackElo "2510"]
[Annotator "Wedberg,T"]
[PlyCount "82"]
[EventDate "1998.12.14"]
[EventType "tourn"]
[EventRounds "9"]
[EventCountry "ENG"]
[EventCategory "11"]
[SourceTitle "CBM 069"]
[Source "ChessBase"]
[SourceDate "1999.04.01"]
[SourceVersion "1"]
[SourceVersionDate "1999.04.01"]
[SourceQuality "1"]

1. e4 e5 2. Nf3 Nc6 3. Bb5 a6 4. Ba4 Nf6 5. O-O Bc5 6. c3 b5 7. Bb3 d6 8. a4
Bg4 9. d3 (9. h3 Bh5 10. d3 O-O (10... Rb8 11. axb5 axb5 12. Re1 h6 13. Nbd2
$14 {Almasi-Degraeve, Pula 1997}) 11. Bg5 Rb8 12. axb5 axb5 13. Nbd2 h6 14. Be3
Nd7 15. Qe1 $14 {1/2-1/2 Korneev,O-Gomez Esteban,J/Elgoibar 1996/EXP 57 (47)})
9... O-O 10. Nbd2 (10. h3 {has been the topical move here} Bxf3 11. Qxf3 Na5
12. Bc2 b4 13. Nd2 Rb8 14. Qe2 Re8 15. Nf3 bxc3 16. bxc3 Nb3 17. Bxb3 Rxb3 18.
d4 $13 {1-0 Anand,V-Karpov,A/Lausanne 1998/CBM 63/[Anand] (42)} (18. Qc2 Qb8
$11 {0-1 Hansen,S-Hector,J/Skaenninge 1998/CBM 65/[Wedberg] (31)})) 10... Qd7
11. Re1 Rad8 12. Nf1 d5 $5 {A logical thrust given Whites slow manouvering.}
13. exd5 Nxd5 14. axb5 axb5 15. h3 Bxf3 16. Qxf3 Nde7 {The backward d-P is
White's main headache.} 17. Be3 Bxe3 18. Rxe3 Kh8 $1 19. Rd1 f5 20. Ree1 Rf6
21. Nh2 (21. Ne3 Rd6 22. Bc2 $11) 21... Ng6 22. g3 Na5 23. Bc2 c5 24. Qh5 b4 $1
25. Nf3 b3 26. Bb1 Nc6 27. d4 $2 (27. Nd2 $5) 27... cxd4 28. cxd4 e4 $1 {
Killing the B on b1.} (28... Nxd4 $15) 29. Ne5 (29. Ng5 Nf8 (29... h6 30. Bxe4
fxe4 31. Nxe4 $16) 30. d5 Ne5 31. f4 Rh6 32. Qe2 Nf7 $17) 29... Qd5 30. Nxc6
Rxc6 31. Qg5 Nf8 32. g4 Rg6 33. Qe3 h5 $40 34. f3 (34. Bxe4 {will lose too.})
34... exf3 35. Bd3 hxg4 36. hxg4 Rxg4+ 37. Kf2 Rg2+ 38. Kf1 Rd6 39. Qe8 Rf6 40.
Bb5 $1 Qxb5+ 41. Qxb5 Rh6 0-1

[Event "Drury Lane"]
[Site "London"]
[Date "1997.06.18"]
[Round "3"]
[White "Aagaard, Jacob"]
[Black "Emms, John M"]
[Result "1-0"]
[WhiteElo "2440"]
[BlackElo "2535"]
[Annotator "Wedberg,T"]
[PlyCount "101"]
[EventDate "1997.06.16"]
[EventType "tourn"]
[EventRounds "9"]
[EventCountry "ENG"]
[EventCategory "10"]
[SourceTitle "CBM 060"]
[Source "ChessBase"]
[SourceDate "1997.09.29"]
[SourceVersion "1"]
[SourceVersionDate "1997.09.29"]
[SourceQuality "1"]

{Emms tries a new idea in a very popular variation. But Aagaard manages to
resist the attack and survive with a clear advantage.} 1. e4 e5 2. Nf3 Nc6 3.
Bb5 a6 4. Ba4 Nf6 5. O-O Bc5 6. Nxe5 Nxe5 7. d4 b5 8. Bb3 Bxd4 9. Qxd4 d6 10.
f4 c5 11. Qc3 Neg4 12. e5 Ne4 (12... c4 13. exf6 O-O 14. Qd4 Qxf6 15. Qxf6 Nxf6
16. Nd2 cxb3 17. Nxb3 Bb7 $10 {1/2-1/2 Tseitlin,M-Godena,M/Ischia 1996/CBM 54/
[Wedberg] (42)}) 13. Qf3 d5 14. c4 Nxh2 $146 (14... bxc4 15. Ba4+ Kf8 16. Bc6
Rb8 17. Nc3 Nxc3 18. bxc3 $16 {0-1 Sion Castro,M-Adams,M/Leon 1995/CBM 48/
[Kortschnoj] (27)}) 15. Kxh2 Qh4+ 16. Kg1 Bg4 17. Qe3 (17. Qd3 Ng3 18. Re1 dxc4
19. Bxc4 bxc4 20. Qxc4 Qh1+ 21. Kf2 Qh4 22. Kg1 $11) 17... Ng3 18. Re1 d4 (
18... dxc4 19. Bc2 $16) 19. Qd3 O-O (19... Be2 20. Rxe2 Qh1+ 21. Kf2 Nxe2 22.
Bd2 $16) 20. Nd2 Bf5 21. Qf3 Bg4 22. Qd3 Bf5 23. Ne4 $1 Bxe4 24. Rxe4 Qh1+ 25.
Kf2 Nxe4+ 26. Qxe4 $14 Rad8 27. Qe1 Qh4+ 28. Kf1 Qh1+ 29. Kf2 Qh4+ 30. g3 Qh2+
31. Kf3 d3 32. Bd2 Rfe8 33. Qf2 Qh6 34. Kg2 Qb6 35. Rc1 b4 36. Ba4 Re6 37. Be3
$1 $16 f6 38. Bxc5 Qa5 39. Bb3 Kh8 40. Be3 fxe5 41. c5 Rf6 42. f5 Rdf8 43. g4
Qc7 44. Bd5 g6 45. Bg5 gxf5 46. Bxf6+ Rxf6 47. gxf5 Qd8 48. Be4 Rh6 49. Qg3 Qd4
50. Qxd3 Qxb2+ 51. Rc2 1-0

[Event "Vejle"]
[Site "Vejle"]
[Date "1994.??.??"]
[Round "?"]
[White "Mortensen, Erling"]
[Black "Sahl, Bjarke"]
[Result "1/2-1/2"]
[WhiteElo "2470"]
[BlackElo "2465"]
[Annotator "Wedberg,T"]
[PlyCount "121"]
[EventDate "1994.02.??"]
[EventType "tourn"]
[EventRounds "9"]
[EventCountry "DEN"]
[EventCategory "10"]
[SourceTitle "CBM 040"]
[Source "ChessBase"]
[SourceDate "1994.06.01"]
[SourceVersion "1"]
[SourceVersionDate "1994.06.01"]
[SourceQuality "1"]

1. e4 e5 2. Nf3 Nc6 3. Bb5 a6 4. Ba4 Bc5 5. c3 Nf6 6. d4 Bb6 (6... Ba7 {
--> Ernst,T-Kristensen,B/Gausdal/1994/1/4-1/4/58}) 7. O-O O-O 8. dxe5 (8. Re1)
(8. Bg5 h6 9. Bh4 d6 10. Bxc6 bxc6 {This is C65 with the extra move a6 for
Black, but that excludes the important resource Ba6.} 11. dxe5 dxe5 12. Nxe5 (
12. Nbd2 $14) 12... Qxd1 13. Rxd1 g5 14. Bg3 Nxe4 15. Nxc6 Bg4 16. Re1 f5 $132)
8... Nxe4 9. Qd5 Nc5 10. Bc2 Ne7 11. Qd1 d5 12. exd6 Qxd6 13. Qxd6 cxd6 14.
Nbd2 Bf5 15. Bxf5 Nxf5 16. Nc4 $14 {><d6} Ba7 17. Ne3 (17. g4 b5 $10) 17...
Nxe3 18. Bxe3 Na4 19. Bxa7 Rxa7 20. Rab1 b5 21. Rfd1 Rd8 22. Nd4 Rc7 23. Kf1 d5
24. Nc2 Rd6 25. Ne3 Rcd7 26. Rd4 g6 27. g4 f6 28. h4 Kf7 29. g5 f5 30. f3 Nb6
31. Re1 Nc4 32. b3 Nxe3+ 33. Rxe3 Re6 34. Kf2 Rxe3 35. Kxe3 Ke6 36. Rd2 Ke5 37.
f4+ Kd6 38. c4 bxc4 39. bxc4 Kc5 40. cxd5 Rxd5 41. Rc2+ Kb6 42. h5 Rd7 (42...
gxh5 $6 43. Rh2 $14) (42... Rd8 $10) 43. Rc8 gxh5 44. Rf8 Re7+ 45. Kf3 Kc5 46.
Rxf5+ Kd4 47. Ra5 Re3+ 48. Kf2 Rc3 49. f5 (49. Rxa6 Ke4 50. Ra4+ Kf5 $10) 49...
Ke4 50. f6 Kf4 51. f7 Rc2+ 52. Kg1 Rc8 53. Rxa6 Kxg5 54. Ra3 Kg6 55. Rf3 Kg7
56. a4 Kf8 57. a5 Rc5 58. a6 Ra5 59. Rf6 Ra2 60. Kf1 h4 61. Rh6 1/2-1/2

[Event "Alushta2"]
[Site "Alushta"]
[Date "1994.??.??"]
[Round "3"]
[White "Timoshenko, Georgy"]
[Black "Onischuk, Alexander"]
[Result "1/2-1/2"]
[WhiteElo "2520"]
[BlackElo "2535"]
[Annotator "Wedberg,T"]
[PlyCount "62"]
[EventDate "1994.02.??"]
[EventType "tourn"]
[EventRounds "9"]
[EventCountry "UKR"]
[EventCategory "12"]
[SourceTitle "CBM 041"]
[Source "ChessBase"]
[SourceDate "1994.08.01"]
[SourceVersion "1"]
[SourceVersionDate "1994.08.01"]
[SourceQuality "1"]

1. e4 e5 2. Nf3 Nc6 3. Bb5 a6 4. Ba4 Nf6 5. O-O b5 6. Bb3 Bb7 7. c3 Nxe4 8. d4
Na5 9. Nxe5 Nxb3 10. Qxb3 Nd6 11. Re1 (11. c4 {Lauk-Sepp/Vilnius/1993/0-1/47})
11... Be7 12. a4 O-O 13. Nd2 Bf6 (13... Rb8 {Kotronias-Mozetic/Belgrade/1993/
1-0/37}) 14. Nf1 Bc6 $5 15. Bf4 (15. Nxc6 dxc6 16. Bf4 Qd7 $10) 15... Bxe5 $10
16. dxe5 bxa4 17. Qc2 Nc4 18. Ne3 Nxe3 19. Rxe3 Qe7 20. Rh3 h6 21. Qd2 (21.
Bxh6 $2 gxh6 22. Rxh6 f5 $17) 21... Qe6 22. Rg3 Kh7 23. Be3 f5 24. exf6 Rxf6
25. Bd4 Rg6 26. Re1 Rxg3 27. hxg3 (27. Rxe6 Rxg2+ 28. Kf1 dxe6 $15) 27... Qf7
28. Qd3+ Kg8 29. c4 Re8 30. Rxe8+ Qxe8 31. f3 Qe7 1/2-1/2

[Event "Oxford GM-A"]
[Site "Oxford"]
[Date "1998.12.15"]
[Round "2"]
[White "Nunn, John DM"]
[Black "Hector, Jonny"]
[Result "1-0"]
[WhiteElo "2600"]
[BlackElo "2510"]
[Annotator "Wedberg,T"]
[PlyCount "67"]
[EventDate "1998.12.14"]
[EventType "tourn"]
[EventRounds "9"]
[EventCountry "ENG"]
[EventCategory "11"]
[SourceTitle "CBM 069"]
[Source "ChessBase"]
[SourceDate "1999.04.01"]
[SourceVersion "1"]
[SourceVersionDate "1999.04.01"]
[SourceQuality "1"]

1. e4 e5 2. Nf3 Nc6 3. Bb5 a6 4. Ba4 Nf6 5. O-O Bc5 ({The move-order} 5... b5
6. Bb3 Bc5 {gives White the additional possibility} 7. a4) 6. c3 b5 7. Bc2 {
White avoids the standard positions that follows from 7.Bb3. Putting the B on
c2 is a way to try to punish Black for playing Bc5 before b5.} d6 8. d4 Bb6 9.
h3 O-O 10. Be3 {Very solid indeed. Going to g5 is always more risky.} Bb7 11.
Nbd2 Re8 12. Re1 (12. d5 Ne7 13. Bxb6 cxb6 14. c4 bxc4 15. Nxc4 b5 16. Ne3 Ng6
17. a4 Qb6 $11 {1/2-1/2 Morovic Fernandez,I-Christiansen,L/New York 1997/CBM
57 ext (50)}) (12. a3) 12... Rb8 {The idea behind this deep looking move is
probably to avoid double b-P:s.} (12... h6 13. a3 Ba7 14. b4 Nd7 15. Nb3 Bb6
16. Bd3 f5 17. exf5 e4 18. d5 exf3 19. dxc6 Bxc6 20. Bxb6 Rxe1+ 21. Qxe1 Nxb6
22. Nd4 $16 {1-0 Rytshagov,M-Ziegler,A/Gothenburg 1998/CBM 63 (31)}) (12...
exd4 $5 13. cxd4 Nb4 14. d5 Nxc2 15. Qxc2 c6 16. dxc6 Rc8 $132) 13. a3 (13. d5
Bxe3 14. dxc6 $2 Bxd2 $17) 13... h6 14. Qe2 (14. b4 Na7 15. d5 Bxe3 16. Rxe3 c6
$11) 14... d5 $6 {The bad thing about this move is that Black never utilises
his chances to pressure the White centre with his artillery on b6 and b7. The
trench warfare is turned into a bloody battle too early.} (14... exd4 15. cxd4
Na5 16. b4 $140 Nc4 $132) 15. Nxe5 $1 dxe4 (15... Nxe5 16. dxe5 Rxe5 17. Bxb6
cxb6 18. Rad1 $16 {White has easy play here with a timely f4 and e5.}) 16. Ng4
{The Black B-pair has lost it's punch. The question is only how much better
White is.} Nh7 (16... Nd5 17. Bxe4 Nxe3 18. fxe3 $16) (16... Na7 {defending e4}
17. Nxf6+ Qxf6 18. Qg4 Qe6 19. Qg3 $16 {moves like Bb3 and Bf4-e5 are coming
up.}) 17. Bxe4 Rxe4 {Black is trying to justify his previous play by going for
material gains, but he has to throw his K-side into the bargain and that seals
his fate in the longer run.} 18. Nxe4 f5 19. d5 $1 (19. Nxh6+ gxh6 20. Nd2 {
looks good too.} ({or just} 20. Ng3) 20... Ng5 21. Nf3 Nf7 22. Bf4 $36) 19...
Qxd5 20. Bxb6 cxb6 21. Nxh6+ gxh6 22. Qh5 Ne5 23. Rad1 Qf7 24. Ng3 {The ending
is no fun for Black with his scattered pieces and broken P-shield.} Qxh5 25.
Nxh5 Be4 26. Re3 Kf7 (26... Nc4 27. Rg3+ Kh8 28. Rd7 Nxb2 29. Rg6 $40) 27. f3
Nc4 28. Re2 Bc6 29. b3 $1 {Go away!} Nxa3 30. Rd6 $18 Rc8 31. Rxh6 Nf8 32. Rf6+
Kg8 33. Re7 Nh7 34. Rg7+ 1-0

[Event "FRA-ch"]
[Site "Narbonne"]
[Date "1997.08.17"]
[Round "3"]
[White "Koch, Jean Rene"]
[Black "Degraeve, Jean Marc"]
[Result "0-1"]
[WhiteElo "2495"]
[BlackElo "2540"]
[Annotator "Wedberg,T"]
[PlyCount "120"]
[EventDate "1997.08.15"]
[EventType "tourn"]
[EventRounds "15"]
[EventCountry "FRA"]
[EventCategory "9"]
[SourceTitle "CBM 061"]
[Source "ChessBase"]
[SourceDate "1997.11.23"]
[SourceVersion "1"]
[SourceVersionDate "1997.11.23"]
[SourceQuality "1"]

1. e4 {Konikowski,J} e5 2. Nf3 Nc6 3. Bb5 a6 4. Ba4 Nf6 5. O-O b5 6. Bb3 Bb7 7.
c3 Nxe4 8. d4 Na5 9. Bc2 exd4 10. b4 Nc4 11. Bxe4 Bxe4 12. Re1 d5 13. Nxd4 c5
14. bxc5 Bxc5 15. f3 O-O 16. fxe4 dxe4 17. Rxe4 Qd5 18. Qf3 (18. Rh4 Rad8 19.
Nd2 Ne3 20. Qf3 Nf5 21. Qxd5 Rxd5 22. Rh5 Re8 $6 (22... g6 $44) 23. Ba3 $1 {
1-0 Ulibin,M-Arencibia,W/Santa Clara 1991/CBM 26/[Ernst] (48)}) 18... Ne5 (
18... b4 19. Kf1 (19. Nd2 bxc3 20. N2b3 (20. Nxc4 f5 21. Rf4 Qxc4 22. Be3 g5
23. Qg3 Kh8 24. Qxg5 Rae8 25. Bf2 c2 26. Rc1 Qd3 27. Nxc2 Qxc2 28. Rd4 {
1/2-1/2 Emms,J-Rausis,I/Le Touquet op 1992/EXT 92op}) 20... Ba7 21. Kf1 Rad8
22. Qf5 Qb7 23. Rh4 g6 24. Qf3 Qxf3+ 25. gxf3 $14 {Koch,J-Seret,J/FRA-ch
Strasbourg 1992/0-1/EXT 92ch2 (38)}) 19... Rad8 20. Nb3 Ba7 21. N1d2 Nxd2+ 22.
Bxd2 bxc3 23. Bxc3 Qb5+ 24. Qe2 Qf5+ 25. Qf3 Qb5+ $11) 19. Qf5 Rae8 20. Nd2 b4
(20... g6 21. Qh3 (21. Qf4 {Konikowski,J} f5 22. Re3 Bd6 (22... Ng4 23. Rxe8
Rxe8 24. N2f3 Qc4 25. Bd2 $16) 23. Qh4 $16) 21... f5 22. Rh4 g5 23. Qg3 Ng6 24.
Qxg5 Be7 {0-1 Luther,T-Manor,I/Borsodtavho 1991/EXP 23}) 21. Bb2 (21. Rh4 g6
22. Ne4 $1 Bxd4+ 23. cxd4 Qxd4+ 24. Qf2 Qd1+ 25. Qf1 Qd4+ 26. Qf2 Qd1+ $11 {
0-1 Hellers,F-Shirov,A/Stockholm 1990/CBM 22/[Schussler] (41)}) 21... g6 22.
Qf4 (22. Qf2 f5 23. Rxe5 {1/2-1/2 Luther,T-Topalov,V/Copenhagen PC 1991/EXT
91op}) 22... bxc3 (22... Nc6 $5 {Konikowski,J} 23. Rxe8 Rxe8 24. Qf3 Re5 (24...
Qxf3 25. N2xf3 bxc3 26. Bxc3 $16) 25. Kh1 bxc3 26. Nxc6 cxb2 27. Rb1 Qxf3 28.
gxf3 Re6 29. Nd8 Re8 30. Ne4 Bd4 31. Nb7 Bg7 32. Nbd6 Re6 33. Nc4 Rc6 34. Ned2
Bc3 35. Kg1 Bxd2 36. Nxd2 Rc2 37. Nb3 Kg7 $13) 23. Bxc3 Nc6 24. Kh1 Nxd4 (24...
Rxe4 $2 {Konikowski,J} 25. Nxe4 f5 26. Nxc5 Qxc5 27. Rc1 $18) 25. Rxd4 Bxd4 26.
Qxd4 Qxd4 27. Bxd4 Re2 $15 28. Nf3 f6 29. a3 (29. a4 $5 {Konikowski,J}) 29...
g5 30. Bc3 Rc2 31. Bb4 Rfc8 32. h3 (32. Re1 $5 {Konikowski,J} g4 33. Nd4 Rc1
34. Kg1 Rxe1+ 35. Bxe1 Kf7 36. Kf2 $14) 32... Rc1+ 33. Rxc1 Rxc1+ $17 {Single
R againts N+B with play on both flanks is difficult for the minors.} 34. Kh2
Kf7 35. Nd4 h5 36. Kg3 h4+ 37. Kf3 Kg6 38. Ne2 Rc2 39. Nd4 Rc4 40. Ke4 Rc1 41.
Kf3 f5 42. Ne2 (42. Kf2 $5 $11 {Konikowski,J}) 42... Rf1+ 43. Ke3 f4+ 44. Ke4
Rf2 45. Ng1 Rxg2 46. Bc5 Rg3 47. a4 Rc3 48. Bd4 Ra3 49. Nf3 Rxa4 50. Ne5+ Kh5
51. Ng4 Ra5 (51... a5 $5 {Konikowski,J}) 52. Ne5 Rb5 53. Kf5 (53. Ng4 {
Konikowski,J} a5 $19) 53... a5 54. Kf6 (54. Ke4 {Konikowski,J} a4 $19) 54... a4
55. Ng4 a3 56. Kg7 Rb7+ (56... Rf5 $5 {Konikowski,J} 57. Ba1 (57. Nf6+ Rxf6 58.
Kxf6 f3 $19) 57... f3 58. Nf2 a2 $19) 57. Kf6 a2 58. Be5 f3 59. Bd4 Ra7 (59...
f2 $5 {Konikowski,J} 60. Nxf2 Rb4 61. Ba1 Rf4+ 62. Ke6 Rxf2 $19) 60. Ba1 Ra4 (
60... Ra4 {Konikowski,J} 61. Nf2 g4 $1 62. hxg4+ Rxg4 $19) 0-1

[Event "RUS-ch"]
[Site "Elista"]
[Date "1994.??.??"]
[Round "8"]
[White "Aseev, Konstantin N"]
[Black "Ivanov, Victor L"]
[Result "1-0"]
[WhiteElo "2540"]
[BlackElo "2385"]
[Annotator "Wedberg,T"]
[PlyCount "63"]
[EventDate "1994.09.??"]
[EventType "swiss"]
[EventRounds "11"]
[EventCountry "RUS"]
[SourceTitle "CBM 044"]
[Source "ChessBase"]
[SourceDate "1995.02.01"]
[SourceVersion "1"]
[SourceVersionDate "1995.02.01"]
[SourceQuality "1"]

1. e4 e5 2. Nf3 Nc6 3. Bb5 a6 4. Ba4 Nf6 5. O-O b5 6. Bb3 Bb7 7. Re1 Bc5 8. c3
d6 9. d4 Bb6 10. Be3 O-O 11. Nbd2 h6 12. h3 exd4 (12... Qd7 13. Bc2 Rae8 14. d5
Ne7 15. Bxb6 cxb6 16. Bd3 Ng6 17. a4 Nf4 18. Bf1 bxa4 19. Qxa4 b5 20. Qb4 $14 {
Kuczynski,R-Polaczek,R/Saint John/1988}) (12... Nd7 13. Nf1 (13. a3 Ne7 14. Ba2
Kh8 15. b4 a5 $10 {Short,N-Kamsky,G/Linares m/1994}) 13... Ne7 14. Ng3 c5 15.
Re2 Qc7 16. Rd2 Nf6 17. Bc2 Rad8 18. Rc1 $13 {Ljubojevic,L-Beljavskij,A/Reggio
Top 15/1991}) (12... Re8 13. d5 Ne7 14. Bxb6 cxb6 15. Bc2 (15. a4 bxa4 16. Bxa4
Rf8 17. Bc2 Nd7 18. Nc4 Qc7 19. Ne3 b5 20. Nh4 $40 {Dolmatov-Mainka/Polanica
Zdroj/1991} g6) 15... Ng6 16. Bd3 Rc8 17. Rc1 Nd7 18. b4 Qe7 $14 {Ljubojevic,
L-Gulko,B/Reggio Top 15/1991} (18... f5 $1 $10)) 13. cxd4 Nb4 14. d5 $5 {N} (
14. Qb1 c5 15. d5 (15. a3 Nc6 16. d5 Ne7 17. Bc2 Nd7 18. Bf4 c4 19. Nf1 f5 $132
{Kuszynski,W-Kishnev,S/FRG/1993}) 15... c4 16. Bc2 Nd7 17. a3 Nxc2 18. Qxc2 f5
$132 {Renet,O-Shirov,A/Correze m/1991}) 14... Nd3 (14... c6 $5) 15. Re2 c5 (
15... Nxb2 16. Qc2 Na4 17. Bxa4 bxa4 18. Qxa4 $14) (15... c6 $5) 16. Bc2 Nb4 (
16... c4 $6 17. Bxb6 Qxb6 18. Bxd3 cxd3 19. Re3 Rfe8 20. Qf1 $16) 17. Bb1 Re8
$2 (17... a5 18. a3 Na6 19. a4 bxa4 20. Rxa4 Nb4 $14) 18. a3 Nbxd5 19. exd5
Nxd5 20. Qc2 g6 21. Ba2 c4 22. Bxb6 Qxb6 23. Ne4 $16 Re6 24. Qd2 Ne7 25. Rae1
Nf5 26. Bb1 d5 27. Nc3 d4 28. Rxe6 fxe6 29. Bxf5 $18 dxc3 30. Qxh6 exf5 31. Ng5
Qc7 32. Re6 1-0